Krzyżówka o Polsce – odgadnij ukryte hasło - Statystyki

Ogólne statystyki
  • Ten quiz został rozwiązany 6 928 razy
  • Średni wynik to 8 z 10
Odpowiedzi na mapie
Odpowiedzi zakodowano w zielono-czerwonej skali na mapie do tego quizu, zgodnie z poniższymi procentami.
 
Statystyki odpowiedzi
Wskazówka Odpowiedź % Poprawnych
1) Sąsiad Polski od wschodu, jego stolicą jest Mińsk. Białoruś
99%
3) Miasto, gdzie Kazimierz III Wielki wybudował Uniwersytet Jagielloński. Kraków
98%
2) Miasto w którym znajduje się słynna kopalnia soli, wpisana na listę UNESCO. Wieliczka
96%
7) Miejscowość znana z pierników i wybitnego polskiego astronoma. Toruń
95%
6) Rzeka, która przepływa przez m.in. Sandomierz czy Płock. Wisła
91%
4) Miasto, które ma tablice rejestracyjne zaczynające się od EL lub ED. Łódź
82%
8) Stolica województwa znana z Krajowego Festiwalu Piosenki Polskiej. Opole
82%
Hasło BIAŁYSTOK
79%
5) Tablica rejestracyjna Bytomia. SY
75%
9) Miejscowość, w której w 1946 roku miał miejsce pogrom Żydów. Kielce
52%
Nie znaleziono quizów pasujących do podanych kryteriów
Rozkład punktacji
Procent ludzi z każdym wynikiem
Percentyl według liczby udzielonych odpowiedzi
Twoja historia wyników
Nie rozwiązałeś tego quizu